000 00265nam a22001097a 4500
008 210707s1997 xx 000 0 und d
041 _aeng
082 _a052 SS
245 _aSamaja Shodhana
260 _bMangalore Sociology Association
_c1997
650 _aSociology
999 _c179700
_d179700